[Event "Reykjavik Skakmot op"]
[Site "Reykjavik"]
[Date "2015.04.22"]
[Round "4"]
[White "Einarsson, Oskar"]
[Black "Halldorsson, Kristjan"]
[Result "0-1"]
[WhiteElo "1303"]
[BlackElo "1863"]
[PlyCount "60"]
[EventDate "2015.03.25"]
[EventType "swiss"]
[EventRounds "7"]
[EventCountry "ISL"]
[SourceTitle "EXT 2016"]
[Source "ChessBase"]
[SourceDate "2015.10.08"]
[SourceVersion "1"]
[SourceVersionDate "2015.10.08"]
[SourceQuality "1"]

1. d4 d5 2. f4 Nf6 3. h3 e6 4. Nf3 c5 5. e3 Nc6 6. c3 Be7 7. Bd3 Ne4 8. h4 h5 9. Nbd2 f5 10. Ng5 Bd7 11. Be2 g6 12. Ndxe4 fxe4 13. g4 hxg4 14. Bxg4 Bxg5 15. fxg5 Qxg5 16. dxc5 Rxh4 17. Rxh4 Qxh4+ 18. Kd2 Ke7 19. Be2 Rf8 20. b4 Ne5 21. a4 Rf2 22. Bb2 Qh2 23. b5 Nc4+ 24. Kc1 Rxe2 25. Ba3 Nxa3 26. Rxa3 Qf2 27. Rb3 Re1 28. Qxe1 Qxe1+ 29. Kb2 Qxe3 30. a5 Qxc5 0-1